Uvod u operativne sisteme

Enregistré dans:
Détails bibliographiques
Auteur principal: Kvaternik, Ratimir
Format: Livre
Langue:serbe
Publié: Zagreb Informator 1983
Tags: Ajouter un tag
Pas de tags, Soyez le premier à ajouter un tag!

MARC

LEADER 00000nam a2200000 4500
001 c109621
005 20250701083705.1
041 0 |a srp 
044 |a YU 
245 1 0 |a Uvod u operativne sisteme  |c Ratimir Kvaternik 
264 1 |a Zagreb  |b Informator  |c 1983 
300 |a 182 s. 
100 1 |a Kvaternik, Ratimir